000 00691nam a2200217 a 4500
005 20240228064304.0
008 170901s2006 mx r 000 0 spa d
020 _a1404265783
035 _aUPN01000220089
049 _aI
050 4 _aPZ7
_bR6.8
100 1 _aRoza, Greg,
_d1971-
_933672
245 1 0 _aUna alcancía para Pedro /
_cGreg Roza ; tr. José María Obregón.
260 _aNew York :
_bRosen Classroom Books & Materials,
_c2006.
300 _a8 p. :
_bprincipalmente il. col.
440 0 _aLecturas del barrio.
_pPerspectiva
650 4 _aLibros y lectura para niños
_92290
650 7 _aLibros ilustrados para niños
_2
_921365
905 _aInfantil
999 _c192188
_d192188